[Event "Ruzomberok Montana op"]
[Site "Ruzomberok"]
[Date "2017.05.31"]
[Round "4"]
[White "Gasper, Jaroslav"]
[Black "Koren, Juraj"]
[Result "1-0"]
[WhiteElo "1840"]
[BlackElo "1454"]
[PlyCount "51"]
[EventDate "2017.05.28"]
[EventType "swiss"]
[EventRounds "9"]
[EventCountry "SVK"]
[SourceTitle "EXT 2018"]
[Source "ChessBase"]
[SourceDate "2017.10.13"]
[SourceVersion "1"]
[SourceVersionDate "2017.10.13"]
[SourceQuality "1"]

1. d4 d5 2. c4 c6 3. e4 dxe4 4. Nc3 Bf5 5. h4 h6 6. g4 Bh7 7. Bg2 e6 8. Bxe4 Bxe4 9. Nxe4 Be7 10. Nf3 Nd7 11. Be3 Ngf6 12. Nxf6+ Nxf6 13. Ne5 0-0 14. g5 Nh7 15. gxh6 g6 16. Qg4 Kh8 17. h5 Qe8 18. hxg6 Nf6 19. g7+ Kh7 20. gxf8N+ Bxf8 21. Qe2 Ne4 22. Qd3 f5 23. 0-0-0 Rd8 24. Rh4 Nf6 25. Rg1 c5 26. d5 1-0

[Event "Ruzomberok Montana op"]
[Site "Ruzomberok"]
[Date "2017.05.30"]
[Round "3"]
[White "Gzib, David"]
[Black "Gasper, Jaroslav"]
[Result "1-0"]
[WhiteElo "1791"]
[BlackElo "1840"]
[PlyCount "45"]
[EventDate "2017.05.28"]
[EventType "swiss"]
[EventRounds "9"]
[EventCountry "SVK"]
[SourceTitle "EXT 2018"]
[Source "ChessBase"]
[SourceDate "2017.10.13"]
[SourceVersion "1"]
[SourceVersionDate "2017.10.13"]
[SourceQuality "1"]

1. e4 a6 2. d4 b5 3. Nf3 Bb7 4. Bd3 Nf6 5. Nbd2 e6 6. c3 c5 7. Qe2 cxd4 8. cxd4 Bb4 9. 0-0 d6 10. Nb3 h6 11. a3 Ba5 12. Nxa5 Qxa5 13. Bd2 Qd8 14. Rac1 Nbd7 15. Bb4 d5 16. e5 Ne4 17. Bxe4 dxe4 18. Nd2 Qb6 19. Nxe4 Bxe4 20. Qxe4 Rd8 21. Rc6 Nf6 22. exf6 Rxd4 23. Rxb6 1-0

[Event "Ruzomberok Montana op"]
[Site "Ruzomberok"]
[Date "2017.05.28"]
[Round "1"]
[White "Stevik, Patrik1111"]
[Black "Gasper, Jaroslav"]
[Result "1-0"]
[WhiteElo "1644"]
[BlackElo "1840"]
[PlyCount "85"]
[EventDate "2017.05.28"]
[EventType "swiss"]
[EventRounds "9"]
[EventCountry "SVK"]
[SourceTitle "EXT 2018"]
[Source "ChessBase"]
[SourceDate "2017.10.13"]
[SourceVersion "1"]
[SourceVersionDate "2017.10.13"]
[SourceQuality "1"]

1. e4 a6 2. d4 b5 3. Nf3 Bb7 4. Nbd2 Nf6 5. Bd3 e6 6. 0-0 c5 7. c3 Qc7 8. h3 h6 9. e5 Nd5 10. Ne4 c4 11. Bc2 Nc6 12. Bd2 d6 13. exd6 Bxd6 14. Nxd6+ Qxd6 15. Qc1 g5 16. Re1 0-0-0 17. Ne5 Rdf8 18. b3 cxb3 19. axb3 Nxe5 20. dxe5 Qc7 21. Bd3 Nb6 22. c4 Rd8 23. Bf1 bxc4 24. bxc4 Rxd2 25. Qxd2 Rd8 26. Qa5 Qc6 27. Rad1 Nd7 28. Rd6 Qc7 29. Qxc7+ Kxc7 30. Red1 Bc6 31. R6d2 a5 32. g3 Bf3 33. Ra1 Ra8 34. Rda2 Kb6 35. c5+ Nxc5 36. Rb2+ Kc6 37. Rc1 a4 38. Bb5+ Kd5 39. Rd2+ Kxe5 40. Rxc5+ Bd5 41. Bc4 Kd6 42. Bxd5 exd5 43. Rdxd5+ 1-0